000 00433nam a2200181Ia 4500
008 230711s9999||||xx |||||||||||||| ||und||
020 _a978-81-317-2313-5
041 _aENG
082 _a5.1
_bET-I
100 _aEtter,Delores M
245 0 _aIntroduction to matlab 7
250 _a3rd Ed.
260 _c2005
_aNew Delhi
_bPearson
300 _a283
650 _aComputer Engineering
700 _aKuncicky,David C
942 _cBK
999 _c5168
_d5168